| 000 | 00952naa a22002657a 4500 | ||
|---|---|---|---|
| 001 | BR8800853 | ||
| 003 | BR-BrBNA | ||
| 005 | 20240918175949.0 | ||
| 007 | ta | ||
| 008 | 230509b bl.||||| |||| 00| 0 por d | ||
| 040 |
_aBR-BrBNA _bpor _cBiblioteca Nacional de Agricultura |
||
| 041 | _a(Pt) | ||
| 072 |
_aF04 _b3830 _bG514 |
||
| 090 | _aF04 BR8800853 | ||
| 100 | 1 | _aLobo, M.G. | |
| 111 | 1 |
_a3. Encontro Nacional de Rocha Fosfatica _cBrasilia, DF (Brazil) _d16-18 Jun 1986 |
|
| 245 | 1 | _aEvolucao e perspectivas da industria nacional de fosfatos | |
| 260 | 3 |
_aBrasilia, DF (Brasil): _c1987. |
|
| 500 | _a3. Encontro Nacional de Rocha Fosfatica Brasilia, DF (Brasil): 1987. p. 77-99 (BR8800853-AM)F04 | ||
| 650 | _aFERTILIZANTE FOSFATADO | ||
| 650 | _aINDUSTRIALIZACAO | ||
| 773 | 0 |
_t3. Encontro Nacional de Rocha Fosfatica _wF04 BR8800853 _gBrasilia, DF (Brasil), 1987. p. 77-99 |
|
| 909 |
_a202404 _bLucia _c55 _dLucia Elande |
||
| 942 |
_cAM _2AGRIS |
||
| 999 |
_c318994 _d318994 |
||